Guess this Taylor Swift song No Hint #1 - Statistiques

Statistiques générales
  • Ce quiz a été pris 146 fois
  • Le résultat moyen est 292 sur 467
Statistiques - réponses
Réponse % Correct
a
98%
Verse 1 I
98%
I,
98%
you
95%
You
95%
s
94%
the
90%
The
90%
we
89%
to
86%
me
85%
And
84%
and
84%
it
81%
It
81%
your
81%
Your
81%
do
80%
So
79%
so
79%
was
79%
are
77%
be
76%
in
76%
my
75%
We're
75%
were
75%
all
74%
on
74%
like
73%
But
71%
but
71%
of
70%
too
70%
when
70%
no
69%
well
67%
with
66%
that
65%
there
65%
this
65%
I'm
63%
for
62%
at
61%
get
61%
know
61%
it's
60%
It's
60%
scarf
60%
got
59%
walk
59%
not
58%
air
57%
cold
57%
house
57%
remember
57%
sister
57%
about
55%
again
55%
car,
55%
door
55%
left
55%
still
55%
Chorus Cause
54%
cause
54%
something
54%
up
54%
walked
54%
home
53%
can
52%
night
52%
Now
52%
lost
51%
Verse 2 Oh,
51%
somehow
51%
through
51%
back
50%
Back
50%
drawer
50%
felt
50%
long
50%
one
50%
just
49%
why
49%
by
48%
here
48%
thing
48%
could
47%
gone
47%
middle
47%
red
47%
sweet
47%
Verse 4 Time
47%
Song name All too well
46%
down
45%
Down
45%
ever
45%
light
44%
you've
44%
dancing
43%
find
43%
getting
43%
little
43%
past
43%
break
42%
call
42%
kitchen
42%
street
42%
being
41%
cruel
41%
disposition
41%
gaze
41%
loved
41%
more
41%
mother
41%
piece
41%
after
40%
After
40%
lookin
40%
over
40%
around
39%
days
39%
much
39%
name
39%
stairs,
39%
stairs
39%
town
39%
future
38%
hair
38%
old
38%
bed
37%
honest
37%
masterpiece
37%
maybe
37%
Maybe
37%
picture
37%
asked
36%
from
36%
I'd
36%
nothing
36%
paper
36%
promise
36%
self
36%
singing
36%
til
36%
translation
36%
upstate
36%
Wind
36%
casually
35%
first
35%
kid
35%
made
35%
magic
35%
rare
35%
real
35%
thinking
35%
told
35%
tore
35%
trying
35%
before
34%
can't
34%
glasses
34%
keep
34%
lying
34%
stories
34%
telling
34%
these
34%
very
34%
won't
34%
into
33%
own
33%
place
33%
refrigerator
33%
cheeks
32%
forget
32%
might
32%
okay
32%
team
32%
almost
31%
else
31%
falling
31%
fine
31%
pieces
31%
ran
31%
things
31%
used
31%
enough
30%
needed
30%
Running
30%
turning
30%
alone
29%
even now
29%
fly
29%
leaves
29%
scared
29%
smells
29%
yeah
29%
crumbled
28%
innocence
28%
known
28%
Autumn
27%
counter
27%
Verse 3 Photo
27%
twin-sized
27%
week
27%
album
26%
reminds
26%
wide-eyed
26%
ball
25%
nights
25%
rid
25%
tee
25%
that's
25%
mail
24%
paralyzed
24%
shirt
20%
plaid
14%
i forget
12%
Aucun quiz correspondant
Distribution des résultats
% des personnes avec chaque résultat
Percentile par nombre de réponses
Votre historique - résultats
Vous n’avez pas pris ce quiz